LEADER 01443nam a2200301 i 4500 001 000000353103 003 CaOOAMICUS 005 20240423153628.0 008 230313s2019 it a u000 u mul u 040 $aSeMil$bita 245 00$aPerle rare :$bBruna Esposito /$c/ [mostra e catalogo a cura di Andrea Dall'Asta ; testi di Bruno Corà ... et al.]. 246 01$aRare pearls 264 1$aMilano :$bFondazione Culturale San Fedele,$c2019. 300 $a102 p. :$briccamente ill. ;$c21x30 cm 490 1 $aSan Fedele Arte 500 $aMostra tenuta alla Galleria San Fedele dal 2 ottobre al 20 novembre 2019 546 $aTesti in italiano e inglese 650 4$aEsposito, Bruna <1960- > - Cataloghi di esposizioni.$0(OLS)http://semarc/subject/55581 650 4$aMilano - Galleria San Fedele - Cataloghi.$0(OLS)http://semarc/subject/35847 700 1 $aCorà, Bruno.$0(OLS)http://semarc/name/51274 700 1 $aDall'Asta, Andrea,$c.$0(OLS)http://semarc/name/91809 830 0$aSan Fedele Arte.$0(OLS)http://semarc/title/44672 850 $aSeMil 852 $aSeMil$W1$xVenegono$y1$m5D X 15/25$j238440$B244330$CSeMilBibl$Z2$F244330 $81 996 $6245$aPerle rare :$bBruna Esposito$9(OLS)http://semarc/title/443107 996 $6246$aRare pearls$9(OLS)http://semarc/title/443108 996 $6264$aMilano :$bFondazione Culturale San Fedele$9(OLS)http://semarc/publisher/39472 LEADER 01305nam a2200265 i 4500 001 000000212151 003 CaOOAMICUS 005 20200211094307.0 008 120327s1856 it u000 u mul u 013 $a190980 040 $aSeMil$bita 100 1 $aIustinus, Marcus Iunianus,$d<2.-3. sec.>.$0(OLS)http://semarc/name/33485 245 10$aStorie filippiche di Giustino /$ctradotte dal prof. ab. cav. Francesco Arnulf ; precedute dagli argomenti dei libri di Pompeo Trogo. 246 01$aJustini Historuarum Philippicarum Libri 44. 264 1$aVenezia :$bNel privil. stabilimento nazionale di G. Antonelli,$c1856. 300 $aXVIII, 802 col. ;$c27 cm. 500 $aFront. e testo originale a fronte. 700 1 $aArnulf, Francesco.$0(OLS)http://semarc/name/75717 830 0$aBiblioteca degli scrittori latini : con testo a fronte.$0(OLS)http://semarc/title/35760 850 $aSeMil 852 $aSeMil$W1$xVenegono$y1$m1X IV 49 FA$j162586$B162586$CSeMilBibl$Z2$F173823 $8I 996 $6245$aStorie filippiche di Giustino$9(OLS)http://semarc/title/306336 996 $6246$aJustini Historuarum Philippicarum Libri 44.$9(OLS)http://semarc/title/306337 996 $6264$aVenezia :$bNel privil. stabilimento nazionale di G. Antonelli$9(OLS)http://semarc/publisher/52631